| 000 | 01099nam a2200289 a 4500 | ||
|---|---|---|---|
| 001 | ebr10715007 | ||
| 003 | CaPaEBR | ||
| 006 | m o u | ||
| 007 | cr cn||||||||| | ||
| 008 | 130614s2013 enk sb 001 0 eng d | ||
| 020 | _z9781909254442 (pbk.) | ||
| 020 | _z9781909254459 | ||
| 020 | _z9781909254466 (e-book) | ||
| 040 |
_aCaPaEBR _cCaPaEBR |
||
| 035 | _a(OCoLC)849594476 | ||
| 050 | 1 | 4 |
_aBJ37 _b.V45 2013eb |
| 100 | 1 | _aVelleman, J. David. | |
| 245 | 1 | 0 |
_aFoundations for moral relativism _h[electronic resource] / _cJ. David Velleman. |
| 260 |
_aCambridge : _bOpen Book Publishers, _c2013. |
||
| 300 | _ax, 108 p. | ||
| 504 | _aIncludes bibliographical references and index. | ||
| 533 |
_aElectronic reproduction. _bPalo Alto, Calif. : _cebrary, _d2013. _nAvailable via World Wide Web. _nAccess may be limited to ebrary affiliated libraries. |
||
| 650 | 0 | _aEthical relativism. | |
| 655 | 7 |
_aElectronic books. _2local |
|
| 710 | 2 | _aebrary, Inc. | |
| 856 | 4 | 0 |
_uhttp://site.ebrary.com/lib/rucke/Doc?id=10715007 _zAn electronic book accessible through the World Wide Web; click to view |
| 999 |
_c1115 _d1115 |
||